00946nam a2200253 i 4500001001000000003000900010005001700019007000300036008004100039040003000080041000800110082002700118110010200145245007900247260002000326264005300346300003900399336002800438337003500466338003700501650004000538650004700578651006700625000021462DO-SdBNP20251117101315.0ta100908s1979 dr a r 000 0 spa d aDO-SdBNPbspacBNPHUerda aspa 4a352.48bR426p 19792221 aRepública DominicanabSecretariado Técnico de la PresidenciabOficina Nacional de Presupuesto10aPresupuestos de ingresos y ley de gastos públicos del Gobierno Central / aSanto Domingo : bSecretariado Técnico de la Presidencia,c1979. avolumen :bilustraciones ;c28 cm. atextobtxt2rdacontent  asin mediaciónbn2 rdamedia  avolumen b) nc bnc2rdacarrier 4aPresupuestozRepública Dominicana 4aHacienda públicazRepública Dominicana 4aRepública DominicanaxGastos Presupuestados Públicosy1979